000 00509nam a2200181Ia 4500
003 GCL
008 140319s9999 xx 000 0 ara d
040 _aGCL /
_cGCL
082 0 4 _a350.471
_bد ف
100 1 _aفرانسيس، ديف
245 1 0 _aالقيم التنظيمية /
_cفرانسيس، ديف
700 1 _aعبدالرحمن احمد هيجان
300 _a230 ص
490 _a
650 0 4 _aالسلوك الادارى
650 0 4 _aعلم النفس الادارى
942 _2ddc
_cBK
999 _c41478
_d41478